[Event "Rated Blitz game"]
[Site "?"]
[Date "2021.05.15"]
[Round "?"]
[White "Sibelius_92"]
[Black "greenbubbl_e"]
[Result "0-1"]
[WhiteElo "2547"]
[BlackElo "2708"]
[PlyCount "36"]
[EventDate "2021.??.??"]
[EventType "blitz"]

1. e4 e5 2. Nf3 d5 3. Nxe5 Bd6 4. d4 Nf6 5. exd5 O-O 6. Be2 c5 7. c3 cxd4 8.
cxd4 Nxd5 9. O-O Nc6 10. Bf3 Bxe5 11. dxe5 Be6 12. Re1 Ndb4 13. Qxd8 Raxd8 14.
Bg5 Nc2 15. Bxd8 Nxe1 16. Bxc6 Nc2 17. Be7 bxc6 18. Bxf8 Kxf8 {Normal} 0-1

[Event "Rated Blitz game"]
[Site "?"]
[Date "2021.05.15"]
[Round "?"]
[White "Chess_Burster"]
[Black "Roberto_Baggio1978"]
[Result "0-1"]
[WhiteElo "2344"]
[BlackElo "2529"]
[PlyCount "86"]
[EventDate "2021.??.??"]
[EventType "blitz"]

1. e4 e5 2. Nf3 d5 3. exd5 e4 4. Qe2 Nf6 5. d3 Qxd5 6. dxe4 Nxe4 7. Nc3 Bb4 8.
Nd2 Bxc3 9. bxc3 f5 10. f3 O-O 11. fxe4 fxe4 12. Qc4 Be6 13. Qxd5 Bxd5 14. Bc4
c6 15. Bxd5+ cxd5 16. Ba3 Rc8 17. Nb3 Rxc3 18. Kd2 Rc4 19. Rab1 Nc6 20. Rhf1
Rc8 21. Rbc1 Ne5 22. Bb2 Nc6 23. h3 a5 24. a4 b6 25. c3 Ne5 26. Nd4 Rxa4 27.
Ne6 Ra2 28. Kc2 Nc4 29. Rb1 a4 30. Rf5 Ne3+ 31. Kd2 Nxf5 32. Kc1 a3 33. Bxa3
Rxc3+ 34. Kd1 Ne3+ 35. Ke1 Nxg2+ 36. Kf1 Rcxa3 37. Rxb6 Ne3+ 38. Ke1 Rc3 39.
Rb1 Kf7 40. Ng5+ Kg6 41. h4 Rcc2 42. Rb6+ Kh5 43. Rb1 Re2# {Normal} 0-1

[Event "Rated Blitz game"]
[Site "?"]
[Date "2021.05.15"]
[Round "?"]
[White "Serog1sPerog1s"]
[Black "greenbubbl_e"]
[Result "0-1"]
[WhiteElo "2560"]
[BlackElo "2689"]
[PlyCount "54"]
[EventDate "2021.??.??"]
[EventType "blitz"]

1. e4 e5 2. Nf3 d5 3. Nxe5 Bd6 4. d4 Nf6 5. Bg5 O-O 6. Bd3 dxe4 7. Bxe4 h6 8.
Bxf6 Qxf6 9. O-O Bxe5 10. dxe5 Qxe5 11. Nc3 Nc6 12. Bxc6 bxc6 13. Re1 Qf6 14.
Rb1 Rb8 15. Ne4 Qg6 16. Qd4 Bf5 17. Re3 Rfd8 18. Qa4 Bxe4 19. Rxe4 Rxb2 20.
Rbe1 Rd2 21. Qxa7 Rdxc2 22. Qa8+ Kh7 23. Re8 Qf6 24. Rh8+ Kg6 25. Rxh6+ Kxh6
26. Qh8+ Kg6 27. Rf1 Rxf2 {Normal} 0-1

[Event "Rated Blitz game"]
[Site "?"]
[Date "2021.05.15"]
[Round "?"]
[White "forbiddencheapos"]
[Black "Rikoboy"]
[Result "1-0"]
[WhiteElo "2413"]
[BlackElo "2401"]
[PlyCount "67"]
[EventDate "2021.??.??"]
[EventType "blitz"]

1. e4 e5 2. Nf3 d5 3. Nxe5 dxe4 4. d4 exd3 5. Bxd3 Nf6 6. O-O Bd6 7. Nc4 O-O 8.
Nxd6 cxd6 9. Nc3 Nc6 10. Bg5 h6 11. Bh4 Ne5 12. Bxf6 Qxf6 13. Ne4 Qe7 14. Nxd6
Bg4 15. Qd2 Rad8 16. Ne4 Bf3 17. Qf4 Nxd3 18. cxd3 Be2 19. Rfe1 Bxd3 20. Ng3
Qc5 21. Re5 Qb6 22. b3 Bg6 23. Rae1 Rd4 24. Qe3 Qd6 25. Re7 Rd2 26. Rxb7 Rxa2
27. Rxa7 Rb2 28. h4 h5 29. Ra5 Qf6 30. Rg5 Rb8 31. Nxh5 Bxh5 32. Rxh5 R2xb3 33.
Qe8+ Rxe8 34. Rxe8# {Normal} 1-0

[Event "Rated Blitz game"]
[Site "?"]
[Date "2021.05.15"]
[Round "?"]
[White "Serog1sPerog1s"]
[Black "greenbubbl_e"]
[Result "0-1"]
[WhiteElo "2551"]
[BlackElo "2698"]
[PlyCount "84"]
[EventDate "2021.??.??"]
[EventType "blitz"]

1. e4 e5 2. Nf3 d5 3. exd5 e4 4. Qe2 Be7 5. Qxe4 Nf6 6. Bb5+ c6 7. dxc6 bxc6 8.
Bxc6+ Nxc6 9. Qxc6+ Bd7 10. Qa6 O-O 11. O-O Re8 12. d3 Bg4 13. Ne5 Bc5 14. Bf4
Qd4 15. Bg3 Rxe5 16. Bxe5 Qxe5 17. Nc3 Rb8 18. Rae1 Bxf2+ 19. Kxf2 Qd4+ 20. Re3
Qf4+ 21. Rf3 Bxf3 22. gxf3 h6 23. Qxa7 Rxb2 24. Ne2 Rxc2 25. Re1 Qxh2+ 26. Kf1
Nh5 27. Qa8+ Kh7 28. Qe4+ g6 29. Qg4 Rxe2 30. Rxe2 Ng3+ 31. Qxg3 Qxg3 32. Rf2
Qd6 33. Ke2 Qe6+ 34. Kf1 f5 35. Kg2 h5 36. a4 Kh6 37. Kh2 h4 38. Kg2 Kg5 39.
f4+ Kg4 40. Kh2 h3 41. Rf1 Qe2+ 42. Kg1 Qg2# {Normal} 0-1

[Event "Rated Blitz game"]
[Site "?"]
[Date "2021.05.15"]
[Round "?"]
[White "Serog1sPerog1s"]
[Black "greenbubbl_e"]
[Result "0-1"]
[WhiteElo "2558"]
[BlackElo "2691"]
[PlyCount "92"]
[EventDate "2021.??.??"]
[EventType "blitz"]

1. e4 e5 2. Nf3 d5 3. exd5 e4 4. Nd4 Qxd5 5. Nb3 Nf6 6. Nc3 Qf5 7. d4 Bd6 8.
Be2 O-O 9. Be3 Nc6 10. Qd2 a5 11. a4 Nb4 12. h3 Nfd5 13. O-O Qg6 14. Bc4 Nxe3
15. fxe3 Qg3 16. Nxe4 Qh2+ 17. Kf2 Bxh3 18. Rg1 Rae8 19. Nxd6 cxd6 20. Raf1 d5
21. Be2 Re6 22. Bf3 Rf6 23. Ke1 Bf5 24. c3 Qg3+ 25. Kd1 Bc2+ 26. Kc1 Bxb3 27.
cxb4 Rc6+ 28. Kb1 Rc2 29. Qd3 Bxa4 30. Bxd5 axb4 31. Rf3 Qd6 32. Bb3 Bxb3 33.
Qxb3 Rc7 34. Rgf1 Qg6+ 35. Rf5 h6 36. Qxb4 Qxg2 37. Qd2 Qxd2 38. R5f2 Qxe3 39.
Rc2 Qd3 40. Rfc1 Rxc2 41. Rxc2 Rc8 42. Ka2 Qxc2 43. Ka3 Rc4 44. b3 Rxd4 45. b4
b6 46. b5 Ra4# {Normal} 0-1

[Event "Rated Blitz game"]
[Site "?"]
[Date "2021.05.15"]
[Round "?"]
[White "satoshi1126"]
[Black "Erow"]
[Result "0-1"]
[WhiteElo "2611"]
[BlackElo "2736"]
[PlyCount "76"]
[EventDate "2021.??.??"]
[EventType "blitz"]

1. e4 e5 2. Nf3 d5 3. Nxe5 Bd6 4. d4 dxe4 5. Nc4 Nf6 6. Nc3 h6 7. Nxd6+ Qxd6 8.
h3 O-O 9. Be3 Re8 10. Qd2 Nc6 11. O-O-O Bf5 12. g4 Bg6 13. a3 a6 14. Kb1 b5 15.
Bg2 b4 16. Na4 bxa3 17. b3 Rab8 18. Nc5 Nd5 19. c4 Nxe3 20. Qxe3 a5 21. Ka1 Nb4
22. Rd2 Nd3 23. Rhd1 Qf6 24. Nxe4 Bxe4 25. Bxe4 Nc5 26. f3 Nxb3+ 27. Ka2 Nxd2
28. Rxd2 Rb2+ 29. Rxb2 axb2 30. Bh7+ Kf8 31. Qa3+ Qe7 32. Qxb2 Qe2 33. Bc2
Qxc4+ 34. Bb3 Qe2 35. Bc2 Qc4+ 36. Bb3 Qb4 37. Qc2 a4 38. Bc4 Re3 {Normal} 0-1

[Event "Rated Blitz game"]
[Site "?"]
[Date "2021.05.15"]
[Round "?"]
[White "afchex"]
[Black "KinzyabulatovRenat"]
[Result "1-0"]
[WhiteElo "2452"]
[BlackElo "2449"]
[PlyCount "113"]
[EventDate "2021.??.??"]
[EventType "blitz"]

1. e4 e5 2. Nf3 d5 3. Nxe5 Bd6 4. d4 dxe4 5. Bc4 Bxe5 6. Qh5 Qe7 7. Qxe5 Qxe5
8. dxe5 Nc6 9. Bf4 Nge7 10. Bg3 Ng6 11. e6 Bxe6 12. Bxe6 fxe6 13. Nc3 O-O-O 14.
O-O Nd4 15. Rac1 h5 16. h4 Nf5 17. Nxe4 Ngxh4 18. Ng5 Rhe8 19. Bxh4 Nxh4 20.
Rfe1 Rd6 21. Re2 Kd7 22. Rce1 Re7 23. Ne4 Rd5 24. c4 Re5 25. f3 Ng6 26. Rd2+
Kc6 27. b4 a6 28. a4 b6 29. Red1 Nf4 30. Kf2 h4 31. Ke3 g5 32. Rd8 Nxg2+ 33.
Kf2 h3 34. Rb8 Rxe4 35. fxe4 g4 36. Kg3 Rh7 37. Rg8 Ne3 38. Rh1 Nxc4 39. Rxg4
Ne5 40. Rg8 Rd7 41. Rxh3 Rd4 42. Rh4 Rxb4 43. a5 Kb5 44. Re8 Nc6 45. Rxe6 Nxa5
46. Rhh6 c5 47. Rxb6+ Kc4 48. Rxb4+ cxb4 49. Rxa6 Nb3 50. Rb6 Nd4 51. Kf4 Kc5
52. Rb8 Nb5 53. Rc8+ Kd4 54. Rc1 b3 55. Rh1 b2 56. Kf5 Nc3 57. e5 {Time forfeit
} 1-0

[Event "Rated Blitz game"]
[Site "?"]
[Date "2021.05.15"]
[Round "?"]
[White "GMJOEY93"]
[Black "Roberto_Baggio1978"]
[Result "0-1"]
[WhiteElo "2693"]
[BlackElo "2509"]
[PlyCount "54"]
[EventDate "2021.??.??"]
[EventType "blitz"]

1. e4 e5 2. Nf3 d5 3. Nc3 d4 4. Ne2 Nc6 5. Ng3 h5 6. Bb5 Bd6 7. h3 h4 8. Nf5
Bxf5 9. exf5 Qf6 10. Qe2 Qxf5 11. Nxd4 Qd7 12. Nxc6 bxc6 13. Ba4 Ne7 14. d3 Rb8
15. O-O Ng6 16. f4 O-O 17. f5 Nf4 18. Qg4 Rb4 19. Bb3 Nxd3 20. Bh6 Rxg4 21.
hxg4 gxh6 22. cxd3 Bc5+ 23. Kh1 Qxd3 24. Rae1 h3 25. f6 Qg3 26. Re2 hxg2+ 27.
Rxg2 Qh3+ {Normal} 0-1

[Event "Rated Blitz game"]
[Site "?"]
[Date "2021.05.15"]
[Round "?"]
[White "Udemzo"]
[Black "KinzyabulatovRenat"]
[Result "0-1"]
[WhiteElo "2478"]
[BlackElo "2413"]
[PlyCount "52"]
[EventDate "2021.??.??"]
[EventType "blitz"]

1. e4 e5 2. Nf3 d5 3. exd5 e4 4. Qe2 Nf6 5. d3 Qxd5 6. Nbd2 Nc6 7. Nxe4 Be6 8.
Nc3 Qa5 9. Ng5 Nd4 10. Qd1 Bg4 11. f3 Bf5 12. Nge4 O-O-O 13. Be3 Bc5 14. Nxc5
Qxc5 15. Qd2 Nxc2+ 16. Qxc2 Qxe3+ 17. Qe2 Qf4 18. Kf2 Bxd3 19. Qe3 Qf5 20. Bxd3
Rxd3 21. Qe2 Re8 22. Qf1 Qc5+ 23. Kg3 Ne4+ 24. Kh3 Nf2+ 25. Kg3 Ne4+ 26. Kh3
Qh5# {Normal} 0-1

[Event "Rated Blitz game"]
[Site "?"]
[Date "2021.05.15"]
[Round "?"]
[White "Putinpresident"]
[Black "anjaya01"]
[Result "0-1"]
[WhiteElo "2332"]
[BlackElo "2448"]
[PlyCount "64"]
[EventDate "2021.??.??"]
[EventType "blitz"]

1. e4 e5 2. Nf3 d5 3. exd5 Bd6 4. d4 e4 5. Ne5 Nf6 6. c4 O-O 7. Nc3 b6 8. Be2
Re8 9. Bf4 h6 10. Bg3 g5 11. h4 Bf5 12. hxg5 hxg5 13. Qd2 Nh7 14. O-O-O Qf6 15.
Ng4 Bxg4 16. Bxg4 Kg7 17. Bxd6 cxd6 18. Rde1 Qg6 19. Qe2 Nf6 20. f3 Nxg4 21.
fxg4 Nd7 22. Kb1 a6 23. Nd1 e3+ 24. Qc2 Re4 25. Rxe3 Rxd4 26. Qxg6+ Kxg6 27. b3
Rxg4 28. g3 Ne5 29. Nf2 Rd4 30. Kc2 Rc8 31. Kc3 Rxd5 32. Ng4 Nxg4 {Normal} 0-1

[Event "Rated Blitz game"]
[Site "?"]
[Date "2021.05.15"]
[Round "?"]
[White "checkmamy"]
[Black "blastol"]
[Result "1-0"]
[WhiteElo "2395"]
[BlackElo "2409"]
[PlyCount "49"]
[EventDate "2021.??.??"]
[EventType "blitz"]

1. e4 e5 2. Nf3 d5 3. exd5 Bd6 4. c4 e4 5. Qe2 Qe7 6. Nd4 Nd7 7. d3 Ngf6 8. Nc3
O-O 9. dxe4 Re8 10. f3 Nh5 11. Be3 Nf4 12. Bxf4 Bxf4 13. g3 Be5 14. O-O-O a6
15. Bg2 Nc5 16. f4 Bxd4 17. Rxd4 b5 18. e5 bxc4 19. Rxc4 Rb8 20. Qf2 Nd7 21.
Rxc7 Qd8 22. d6 Nxe5 23. fxe5 Rxe5 24. Qxf7+ Kh8 25. Qxg7# {Normal} 1-0

[Event "Rated Blitz game"]
[Site "?"]
[Date "2021.05.15"]
[Round "?"]
[White "Matroskin20"]
[Black "hkn967"]
[Result "0-1"]
[WhiteElo "2331"]
[BlackElo "2456"]
[PlyCount "40"]
[EventDate "2021.??.??"]
[EventType "blitz"]

1. e4 e5 2. Nf3 d5 3. exd5 e4 4. Qe2 Nf6 5. Nc3 Be7 6. Nxe4 Nxe4 7. Qxe4 O-O 8.
Bd3 f5 9. Qc4 Bd6 10. O-O Nd7 11. b4 Ne5 12. Nxe5 Bxe5 13. d6+ Kh8 14. dxc7 Qd6
15. Rb1 Bxh2+ 16. Kh1 Qh6 17. g3 f4 18. Qe4 Bxg3+ 19. Kg2 Qh3+ 20. Kf3 Bg4# {
Normal} 0-1

[Event "Rated Blitz game"]
[Site "?"]
[Date "2021.05.15"]
[Round "?"]
[White "malcriado007"]
[Black "greenbubbl_e"]
[Result "0-1"]
[WhiteElo "2549"]
[BlackElo "2667"]
[PlyCount "46"]
[EventDate "2021.??.??"]
[EventType "blitz"]

1. e4 e5 2. Nf3 d5 3. Nxe5 Bd6 4. d4 Nf6 5. exd5 O-O 6. Bc4 c5 7. dxc6 Nxc6 8.
Nxc6 bxc6 9. h3 Re8+ 10. Kf1 Ne4 11. Nc3 Nxf2 12. Kxf2 Qf6+ 13. Kg1 Bg3 14. Qd2
Bd7 15. Nd1 Re1+ 16. Qxe1 Bxe1 17. Be3 Re8 18. Bf2 Bf5 19. Bb3 Bxc2 20. Bxc2
Re2 21. Bxe1 Rxe1+ 22. Kh2 Qf4+ 23. g3 Qd2+ {Normal} 0-1

[Event "Rated Blitz tournament t6f4z1sj"]
[Site "?"]
[Date "2021.05.15"]
[Round "?"]
[White "Kartapoux"]
[Black "lavilaine"]
[Result "1/2-1/2"]
[WhiteElo "2446"]
[BlackElo "2242"]
[PlyCount "117"]
[EventDate "2021.??.??"]
[EventType "blitz"]

1. e4 e5 2. Nf3 d5 3. exd5 e4 4. Nd4 Qxd5 5. Nb5 Qe5 6. Be2 a6 7. N5c3 Bd6 8.
d4 Qe7 9. Nd2 f5 10. Nc4 Be6 11. Nxd6+ cxd6 12. d5 Bf7 13. Be3 Nf6 14. Qd2 Nbd7
15. O-O O-O 16. Rae1 Ne5 17. f3 Bh5 18. fxe4 Bxe2 19. Rxe2 Nxe4 20. Nxe4 fxe4
21. Rxf8+ Rxf8 22. b3 Qh4 23. Bf2 Qg4 24. Qe3 Rf4 25. Bg3 Rf5 26. Qxe4 Qg6 27.
c4 Kf7 28. h3 Nf3+ 29. gxf3 Qxg3+ 30. Rg2 Qxf3 31. Qxf3 Rxf3 32. Rf2 Rxf2 33.
Kxf2 Kf6 34. Ke3 Ke5 35. Kf3 b5 36. cxb5 axb5 37. a4 bxa4 38. bxa4 Kxd5 39. Kf4
Kc5 40. Kf5 d5 41. Ke5 d4 42. Ke4 Kb4 43. Kxd4 Kxa4 44. Ke5 Kb5 45. Ke6 h5 46.
Kf5 Kc5 47. Kg6 h4 48. Kxg7 Kd6 49. Kg6 Ke6 50. Kg5 Kf7 51. Kxh4 Kg7 52. Kg4
Kh8 53. h4 Kh7 54. h5 Kh8 55. Kg5 Kh7 56. h6 Kh8 57. Kg6 Kg8 58. h7+ Kh8 59.
Kh6 {Normal} 1/2-1/2

[Event "Rated Blitz game"]
[Site "?"]
[Date "2021.05.15"]
[Round "?"]
[White "promoKC"]
[Black "SerialDrinker"]
[Result "1-0"]
[WhiteElo "2426"]
[BlackElo "2252"]
[PlyCount "107"]
[EventDate "2021.??.??"]
[EventType "blitz"]

1. e4 e5 2. Nf3 d5 3. d3 dxe4 4. dxe4 Qxd1+ 5. Kxd1 Nc6 6. c3 Bd7 7. Bc4 f6 8.
a4 O-O-O 9. Ke2 Nge7 10. Be3 Kb8 11. Na3 g5 12. h3 h5 13. Nc2 Ng6 14. g3 h4 15.
Rad1 Be7 16. Bf7 Nf8 17. gxh4 g4 18. hxg4 Bxg4 19. Rxd8+ Nxd8 20. Bb3 f5 21.
Rg1 Bxf3+ 22. Kxf3 fxe4+ 23. Kxe4 Rxh4+ 24. Kf3 Rh8 25. Nb4 Bd6 26. Nd5 Nfe6
27. Nf6 Nc5 28. Bc4 Rf8 29. Rg6 Be7 30. Bg5 Nc6 31. Ke2 Bxf6 32. Rxf6 Rxf6 33.
Bxf6 Nxa4 34. Bd5 Nxb2 35. Bxc6 bxc6 36. Bxe5 Nc4 37. Bd4 a5 38. Kd3 Nd6 39. f4
a4 40. c4 a3 41. c5 a2 42. cxd6 cxd6 43. Ke4 Kc7 44. f5 Kd7 45. Bb2 Ke7 46. Kf4
Kf7 47. Kg5 d5 48. Kf4 c5 49. Ke5 d4 50. Ke4 Kf6 51. Ba1 Kf7 52. Bb2 Kf6 53.
Ba1 Kf7 54. Bxd4 {Time forfeit} 1-0

[Event "Rated Blitz game"]
[Site "?"]
[Date "2021.05.15"]
[Round "?"]
[White "Bananovic"]
[Black "khalid_ontawar"]
[Result "0-1"]
[WhiteElo "2365"]
[BlackElo "2406"]
[PlyCount "64"]
[EventDate "2021.??.??"]
[EventType "blitz"]

1. e4 e5 2. Nf3 d5 3. Nxe5 Qe7 4. d4 f6 5. Nd3 dxe4 6. Nf4 Bf5 7. Bc4 Nc6 8.
O-O O-O-O 9. c3 g5 10. Ne2 h5 11. b4 h4 12. b5 Ne5 13. Qa4 Nxc4 14. Qxc4 h3 15.
g3 Bg4 16. Re1 Bf3 17. a4 f5 18. a5 Kb8 19. b6 cxb6 20. axb6 a6 21. Na3 Rc8 22.
Qb3 Nh6 23. Nb5 Ng4 24. Nc7 Qf6 25. Nxa6+ bxa6 26. Rxa6 Qc6 27. Qa2 Bxe2 28.
Rxe2 Rh7 29. Ra7 Rd7 30. Bxg5 Bd6 31. Rb2 e3 32. Rxd7 Qg2# {Normal} 0-1

[Event "Rated Blitz game"]
[Site "?"]
[Date "2021.05.15"]
[Round "?"]
[White "nextlevel123"]
[Black "annaly1979"]
[Result "1-0"]
[WhiteElo "2552"]
[BlackElo "2464"]
[PlyCount "39"]
[EventDate "2021.??.??"]
[EventType "blitz"]

1. e4 e5 2. Nf3 d5 3. Nxe5 Qe7 4. d4 f6 5. Qh5+ g6 6. Nxg6 Qxe4+ 7. Be3 Qxg6 8.
Qxd5 Ne7 9. Qb3 Nbc6 10. Nc3 Bf5 11. O-O-O O-O-O 12. d5 Na5 13. Qa4 b6 14. b4
Nb7 15. Qxa7 Nd6 16. Nb5 Nxb5 17. Bxb5 c6 18. Bxb6 Nxd5 19. Rxd5 Qg5+ 20. Kb2 {
Normal} 1-0

[Event "Rated Blitz game"]
[Site "?"]
[Date "2021.05.15"]
[Round "?"]
[White "DJaeggi"]
[Black "annaly1979"]
[Result "1-0"]
[WhiteElo "2576"]
[BlackElo "2453"]
[PlyCount "89"]
[EventDate "2021.??.??"]
[EventType "blitz"]

1. e4 e5 2. Nf3 d5 3. exd5 e4 4. Qe2 f5 5. d3 Nf6 6. Nbd2 Be7 7. dxe4 Nxe4 8.
Nxe4 fxe4 9. Qxe4 O-O 10. Bc4 Bb4+ 11. Kf1 Bd6 12. Bg5 Qe8 13. Qxe8 Rxe8 14.
Re1 Rxe1+ 15. Kxe1 Bf5 16. Nd4 Bg6 17. Kd2 Nd7 18. Re1 Ne5 19. Be2 h6 20. Bh4
Re8 21. Bg3 a6 22. b3 b5 23. Bf1 h5 24. h3 h4 25. Bxh4 Bh5 26. Bg3 Bg6 27. c3
Kf7 28. f4 Nd7 29. Rxe8 Kxe8 30. Bd3 Bxd3 31. Kxd3 Nf6 32. c4 Kd7 33. Nf5 Nh5
34. Nxd6 Nxg3 35. Ne4 Nf5 36. g4 Ne7 37. Kd4 Ng6 38. f5 Nf4 39. h4 c6 40. dxc6+
Kxc6 41. f6 gxf6 42. Nxf6 Ne6+ 43. Ke5 Nc5 44. h5 Nd3+ 45. Kf5 {Normal} 1-0

[Event "Rated Blitz game"]
[Site "?"]
[Date "2021.05.15"]
[Round "?"]
[White "kvadrik"]
[Black "jsequera"]
[Result "0-1"]
[WhiteElo "2472"]
[BlackElo "2459"]
[PlyCount "56"]
[EventDate "2021.??.??"]
[EventType "blitz"]

1. e4 e5 2. Nf3 d5 3. exd5 e4 4. Qe2 f5 5. d3 Nf6 6. dxe4 fxe4 7. Nc3 Be7 8.
Nxe4 O-O 9. Neg5 Nxd5 10. Ne6 Bxe6 11. Qxe6+ Kh8 12. Be2 Bb4+ 13. c3 Re8 14.
Qh3 Nxc3 15. bxc3 Bxc3+ 16. Bd2 Bxa1 17. O-O Rxe2 18. Ng5 Qg8 19. Qh5 Re7 20.
Bb4 g6 21. Qd1 Bf6 22. Bxe7 Bxe7 23. Re1 Nc6 24. Ne6 Bf6 25. Nxc7 Rd8 26. Qf3
Bg7 27. Nb5 Qf8 28. Qg3 Qb4 {Normal} 0-1

[Event "Rated Blitz game"]
[Site "?"]
[Date "2021.05.15"]
[Round "?"]
[White "RahmanAdel"]
[Black "anjaya01"]
[Result "1-0"]
[WhiteElo "2416"]
[BlackElo "2425"]
[PlyCount "111"]
[EventDate "2021.??.??"]
[EventType "blitz"]

1. e4 e5 2. Nf3 d5 3. exd5 Bd6 4. d4 e4 5. Ne5 Nf6 6. Bb5+ Kf8 7. O-O a6 8. Ba4
Nxd5 9. c4 Nb4 10. a3 N4c6 11. Nxc6 Nxc6 12. Nc3 f5 13. c5 Be7 14. d5 Ne5 15.
b4 h6 16. Bb2 Bf6 17. Ne2 Nf3+ 18. gxf3 Bxb2 19. Ra2 Be5 20. fxe4 fxe4 21. f4
Bf6 22. Ng3 h5 23. Nxe4 Bg4 24. Qd3 h4 25. Re1 Qe7 26. d6 cxd6 27. Qxd6 Rd8 28.
Qxe7+ Bxe7 29. Nf2 Bf5 30. Rd1 Kf7 31. Bb3+ Kf6 32. Rad2 Rc8 33. Nd3 a5 34. Ne5
axb4 35. axb4 b6 36. Nd7+ Bxd7 37. Rxd7 bxc5 38. b5 c4 39. Bc2 h3 40. Kf2 Rh4
41. Kf3 c3 42. R1d5 g6 43. Rb7 Rc4 44. Rb6+ Kg7 45. Rxg6+ Kf7 46. Rg4 Rxg4 47.
Kxg4 Rb4 48. Bd3 Rb2 49. Rf5+ Bf6 50. Rc5 c2 51. Rxc2 Rb4 52. Rc7+ Ke6 53. Bf5+
Kd6 54. Rc6+ Ke7 55. Re6+ Kf7 56. b6 {Time forfeit} 1-0

[Event "Rated Blitz game"]
[Site "?"]
[Date "2021.05.15"]
[Round "?"]
[White "xjz"]
[Black "KinzyabulatovRenat"]
[Result "1-0"]
[WhiteElo "2520"]
[BlackElo "2477"]
[PlyCount "103"]
[EventDate "2021.??.??"]
[EventType "blitz"]

1. e4 e5 2. Nf3 d5 3. Nxe5 Bd6 4. d4 dxe4 5. Nc3 Bxe5 6. dxe5 Qxd1+ 7. Kxd1 Nc6
8. Bb5 Bd7 9. Nxe4 O-O-O 10. Bd2 Nxe5 11. Bxd7+ Rxd7 12. Re1 Ne7 13. b3 N7c6
14. Kc1 Rhd8 15. Bc3 f6 16. f4 Ng4 17. h3 Nh6 18. g4 Nf7 19. Nc5 Re7 20. Rxe7
Nxe7 21. Ne6 Rg8 22. Nxg7 Nd6 23. Bxf6 Nd5 24. Nh5 Nxf6 25. Nxf6 Rf8 26. Nh5
Re8 27. Kd2 Nb5 28. Re1 Rd8+ 29. Kc1 Nc3 30. Kb2 Nd1+ 31. Kc1 Nf2 32. Re3 c5
33. Nf6 Rd1+ 34. Kb2 Rh1 35. Nxh7 Nd1+ 36. Ka3 Nxe3 37. Ng5 Kc7 38. Kb2 b5 39.
f5 Rf1 40. Kc3 Kc6 41. Kd3 Nd5 42. h4 Rf4 43. Nf7 c4+ 44. bxc4 bxc4+ 45. Ke2
Kc5 46. Nh6 Nf6 47. g5 Nd5 48. f6 Kd4 49. f7 Ne7 50. h5 Ke5 51. g6 Ke6 52. Ng8
{Time forfeit} 1-0

[Event "Rated Blitz game"]
[Site "?"]
[Date "2021.05.15"]
[Round "?"]
[White "xjz"]
[Black "annaly1979"]
[Result "0-1"]
[WhiteElo "2512"]
[BlackElo "2441"]
[PlyCount "64"]
[EventDate "2021.??.??"]
[EventType "blitz"]

1. e4 e5 2. Nf3 d5 3. exd5 e4 4. Qe2 f5 5. d3 Nf6 6. dxe4 fxe4 7. Nc3 Bb4 8.
Bd2 Bxc3 9. Bxc3 O-O 10. Bxf6 Qxf6 11. Qxe4 Qxb2 12. Qd4 Qxc2 13. Bd3 c5 14.
Bxc2 cxd4 15. Nxd4 Re8+ 16. Kd2 Na6 17. Rhe1 Bd7 18. Rab1 b6 19. Nf5 Nc5 20.
Nd6 Rf8 21. f3 Rf6 22. Ne4 Rh6 23. Nxc5 bxc5 24. h3 Rd8 25. Kc3 Rb6 26. Bb3 Bf5
27. Re7 Bxb1 28. d6+ Kh8 29. d7 Bg6 30. f4 Rf6 31. g3 h5 32. Bc2 Bxc2 {Normal}
0-1

[Event "Rated Blitz game"]
[Site "?"]
[Date "2021.05.15"]
[Round "?"]
[White "RahmanAdel"]
[Black "mirekkk14"]
[Result "0-1"]
[WhiteElo "2408"]
[BlackElo "2381"]
[PlyCount "74"]
[EventDate "2021.??.??"]
[EventType "blitz"]

1. e4 e5 2. Nf3 d5 3. exd5 e4 4. Qe2 Qe7 5. Nd4 Nf6 6. Nc3 Bg4 7. f3 exf3 8.
Qxe7+ Bxe7 9. gxf3 Bh5 10. Bb5+ Nbd7 11. Nf5 Bxf3 12. O-O Bxd5 13. Nxd5 Nxd5
14. Re1 g6 15. Nxe7 Nxe7 16. d4 c6 17. Bc4 Kf8 18. Bh6+ Ke8 19. Bg5 f6 20. Bh6
Nb6 21. Bb3 Nbd5 22. Bxd5 cxd5 23. Bg7 Kf7 24. Bxh8 Rxh8 25. c3 Nf5 26. Kf2 Rc8
27. Kf3 a5 28. Re2 Nd6 29. Rae1 Ne4 30. h4 f5 31. Kf4 Kf6 32. Rh1 h6 33. Rg2
Rh8 34. Rhg1 g5+ 35. hxg5+ hxg5+ 36. Kf3 Rh3+ 37. Ke2 g4 {Normal} 0-1

[Event "Rated Blitz game"]
[Site "?"]
[Date "2021.05.15"]
[Round "?"]
[White "randy_segarra"]
[Black "annaly1979"]
[Result "1-0"]
[WhiteElo "2552"]
[BlackElo "2468"]
[PlyCount "61"]
[EventDate "2021.??.??"]
[EventType "blitz"]

1. e4 e5 2. Nf3 d5 3. exd5 e4 4. Qe2 f5 5. d3 Nf6 6. dxe4 fxe4 7. Nfd2 Be7 8.
Nxe4 Nxe4 9. Qxe4 O-O 10. Bc4 Bb4+ 11. Kd1 Bd6 12. Be3 Bf5 13. Qd4 Nd7 14. Nc3
a6 15. h3 b5 16. Be2 Be5 17. Qd2 b4 18. Na4 Qf6 19. g4 Be4 20. Rf1 Bxb2 21.
Nxb2 Qxb2 22. Bd4 Qa3 23. f4 Qxh3 24. Qxb4 Rae8 25. Kd2 Bxd5 26. Qc3 Nf6 27.
Qxh3 Ne4+ 28. Kc1 c5 29. Be5 Kh8 30. g5 c4 31. g6 {Normal} 1-0

[Event "Rated Blitz game"]
[Site "?"]
[Date "2021.05.15"]
[Round "?"]
[White "YaaasQueen"]
[Black "KinzyabulatovRenat"]
[Result "1-0"]
[WhiteElo "2488"]
[BlackElo "2449"]
[PlyCount "43"]
[EventDate "2021.??.??"]
[EventType "blitz"]

1. e4 e5 2. Nf3 d5 3. exd5 e4 4. Ne5 Qxd5 5. d4 exd3 6. Nxd3 Nc6 7. Nc3 Qa5 8.
Bd2 Bf5 9. Be2 O-O-O 10. O-O Nf6 11. a4 Nd4 12. Nb5 Qb6 13. Be3 c5 14. Nxd4
cxd4 15. Bf4 Bd6 16. a5 Qc7 17. Bxd6 Qxd6 18. Bf3 Be4 19. Re1 Rhe8 20. Bxe4
Nxe4 21. Qg4+ Kb8 22. Rxe4 {Normal} 1-0

[Event "Rated Blitz game"]
[Site "?"]
[Date "2021.05.15"]
[Round "?"]
[White "malcriado007"]
[Black "KinzyabulatovRenat"]
[Result "0-1"]
[WhiteElo "2552"]
[BlackElo "2470"]
[PlyCount "74"]
[EventDate "2021.??.??"]
[EventType "blitz"]

1. e4 e5 2. Nf3 d5 3. Nxe5 Bd6 4. d4 dxe4 5. Nc4 Nf6 6. Nc3 O-O 7. Nxd6 Qxd6 8.
Be2 Nc6 9. Be3 Bf5 10. a3 Rad8 11. Nb5 Qd7 12. g4 Bg6 13. g5 Nd5 14. c4 Nb6 15.
c5 Nd5 16. Nc3 Nde7 17. Bg4 Bf5 18. Bxf5 Qxf5 19. Ne2 Ne5 20. Kd2 Nd3 21. Kc3
Nd5+ 22. Kb3 Nxe3 23. fxe3 Qd5+ 24. Kc3 Nf2 25. Qd2 Nxh1 26. Rxh1 b6 27. b4 a5
28. Rg1 axb4+ 29. axb4 bxc5 30. bxc5 Ra8 31. Qc1 Rfb8 32. Kd2 Ra2+ 33. Ke1 Rbb2
34. Rg2 Qb3 35. Qd1 Rb1 36. Nc1 Qxd1+ 37. Kxd1 Rxg2 {Normal} 0-1

[Event "Rated Blitz game"]
[Site "?"]
[Date "2021.05.15"]
[Round "?"]
[White "Bibekthing"]
[Black "Gifroy"]
[Result "0-1"]
[WhiteElo "2415"]
[BlackElo "2422"]
[PlyCount "50"]
[EventDate "2021.??.??"]
[EventType "blitz"]

1. e4 e5 2. Nf3 d5 3. exd5 e4 4. Qe2 Nf6 5. d3 Qxd5 6. Nc3 Bb4 7. Bd2 Bxc3 8.
Bxc3 Be6 9. dxe4 Nxe4 10. Bxg7 Rg8 11. Bh6 Nc6 12. Be3 O-O-O 13. c3 a6 14. Nd4
Nxd4 15. Bxd4 Rge8 16. f3 Nxc3 17. bxc3 Bd7 18. Be3 Rxe3 19. Qxe3 Re8 20. Qxe8+
Bxe8 21. Be2 Qc5 22. Rc1 Qe3 23. Rc2 Bb5 24. Kd1 Ba4 25. Re1 Qxc3 {Normal} 0-1

[Event "Rated Blitz game"]
[Site "?"]
[Date "2021.05.15"]
[Round "?"]
[White "Fegatelo78"]
[Black "Gifroy"]
[Result "0-1"]
[WhiteElo "2413"]
[BlackElo "2381"]
[PlyCount "32"]
[EventDate "2021.??.??"]
[EventType "blitz"]

1. e4 e5 2. Nf3 d5 3. Nxe5 Bd6 4. d4 dxe4 5. Nc3 Bxe5 6. dxe5 Qxd1+ 7. Nxd1 Nc6
8. Nc3 Bf5 9. Bf4 Nge7 10. O-O-O Rd8 11. Bc4 Ng6 12. Rxd8+ Kxd8 13. Bg5+ Kc8
14. Bxf7 Ncxe5 15. Re1 Nxf7 16. Bd2 Re8 {Normal} 0-1